000 00394nam a2200145Ia 4500
008 230711s9999||||xx |||||||||||||| ||und||
041 _aENG
082 _a621
_bTO-D
100 _aTokheim,Roger L
245 0 _aDigital electronics : applications and principles
250 _a5th
260 _c1998
_aNew York
_bTata McGraw Hill Education Limited
650 _aElectronics Engineering
942 _cBK
999 _c501
_d501